El condenado por desconfiado / (Record no. 129060)

MARC details
000 -LEADER
campo de control de longitud fija 00706nam a2200229 i 4500
001 - NÚMERO DE CONTROL
campo de control 129060
003 - IDENTIFICADOR DE NÚMERO DE CONTROL
campo de control ES-MaACL
005 - FECHA Y HORA DE LA ÚLTIMA TRANSACCIÓN
campo de control 20230906193429.0
007 - CAMPO FIJO DE DESCRIPCIÓN FÍSICA--INFORMACIÓN GENERAL
campo de control de longitud fija t|
008 - DATOS DE LONGITUD FIJA--INFORMACIÓN GENERAL
campo de control de longitud fija 070605s1961 sp ||||1| spa d
080 ## - NÚMERO DE LA CLASIFICACIÓN DECIMAL UNIVERSAL
Número de la Clasificación Decimal Universal 86-251"16"
100 1# - ENTRADA PRINCIPAL--NOMBRE DE PERSONA
Nombre de persona Molina, Tirso de,
Fechas asociadas al nombre 1579-1648
9 (RLIN) 226522
245 13 - MENCIÓN DEL TÍTULO
Título El condenado por desconfiado /
Mención de responsabilidad, etc. Tirso de Molina ; edición y notas por Angel González Palencia.
250 ## - MENCION DE EDICION
Mención de edición 8ª ed. il.
260 ## - PUBLICACIÓN, DISTRIBUCIÓN, ETC.
Lugar de publicación, distribución, etc. Zaragoza :
Nombre del editor, distribuidor, etc. Ebro,
Fecha de publicación, distribución, etc. [1961]
300 ## - DESCRIPCIÓN FÍSICA
Extensión 127 p. ;
Dimensiones 18 cm.
490 1# - MENCIÓN DE SERIE
Mención de serie Clásicos Ebro
700 1# - ENTRADA AGREGADA--NOMBRE PERSONAL
Nombre de persona González Palencia, Ángel,
Fechas asociadas al nombre 1889-1949
9 (RLIN) 58854
830 0# - PUNTO DE ACCESO ADICIONAL DE SERIE-TÍTULO UNIFORME
Título uniforme Clásicos Ebro
9 (RLIN) 185118
852 ## - LOCALIZACIÓN
Ubicación ES-MaACL
Número de control de estantería C-21366
Sublocalización o colección R.49694
Holdings
Estatus retirado Estado de pérdida Estado de daño No para préstamo Biblioteca de origen Biblioteca actual Ubicación en estantería Fecha de adquisición Fuente de adquisición Total de préstamos Signatura topográfica completa Código de barras Visto por última vez Precio de reemplazo Tipo de ítem Koha
        Biblioteca del Ateneo de Madrid Biblioteca del Ateneo de Madrid Galería 17/01/2008     C-21366 1134401 23/02/2023 23/02/2023 Libro impreso